Historia del pensamiento jurídico

Salvato in:
Dettagli Bibliografici
Autore principale: Rodríguez Paniagua, José María (Autore)
Natura: Libro
Lingua:spagnolo
Pubblicazione: Madrid Universidad Complutense 1988
Edizione:6a. ed
Soggetti:
Tags: Aggiungi Tag
Nessun Tag, puoi essere il primo ad aggiungerne!!

MARC

LEADER 00000nam a2200000 a 4500
001 UCV2472
003 CL-VaPUC
008 920730e19880000SP |||||||||||||||||spa|d
082 0 4 |a 340.1  |b ROD  |2 21 
100 0 |a Rodríguez Paniagua, José María  |e author  |9 296721 
245 1 0 |a Historia del pensamiento jurídico 
250 |a 6a. ed 
300 |a 2 v 
942 |c BK 
945 |d 19920730 00:00:00 
260 |a Madrid  |b Universidad Complutense  |c 1988 
650 0 |a Filosofía del derecho   |9 255050 
650 0 |a Historia del derecho  |9 255109 
583 |a last modification  |c 20121002 09:16:19  |k Rodrigo Vera 
999 |c 210034  |d 210032 
952 |0 0  |1 0  |4 0  |6 340_100000000000000_ROD_1988  |7 0  |8 DER_TF  |9 185981  |a BIBDER  |b BIBDER  |d 2019-11-14  |h v.1  |i 2534819  |o 340.1 ROD 1988  |p 2534819  |r 2019-11-14  |w 2019-11-14  |x Ubicación 4to Piso  |y BK  |z Estos recursos deben solicitarse con anticipación  |k DER 
952 |0 0  |1 0  |4 0  |6 340_100000000000000_ROD_1988  |7 0  |8 DER_TF  |9 185982  |a BIBDER  |b BIBDER  |d 2019-11-14  |h v.2  |i 2534827  |o 340.1 ROD 1988  |p 2534827  |r 2019-11-14  |w 2019-11-14  |x Ubicación 4to Piso  |y BK  |z Estos recursos deben solicitarse con anticipación  |k DER